| 000 | 00727nam a22002172 4500 | ||
|---|---|---|---|
| 001 | 0000012187 | ||
| 005 | 20151217155850.0 | ||
| 008 | 090213s xx 000 0 eng d | ||
| 020 | _a9291461039 : | ||
| 040 |
_aKABU _cKABU |
||
| 245 | 1 | 0 |
_aNature and causes of land degradation in the Oromiya region : _ba review / _cBezuayehu Tefera ..[et al.] |
| 250 | _a1st ed. | ||
| 260 |
_aNairobi : _bILRI, _c2002. |
||
| 300 | _avi, 77 p. | ||
| 650 | 0 |
_aSoil degradation _zOromiyakelel, Ethiopia. _@0000168432 |
|
| 650 | 0 |
_aSoil erosion _xOromiyakelel, Ethiopia. _@0000168433 |
|
| 700 | 1 |
_aTefera, Bezuayehu. _@0000168434 |
|
| 852 | 1 | _9p400 KES | |
| 908 | _a090213 | ||
| 950 | _@1 | ||
| 999 |
_c13474 _d13474 |
||